<?xml version="1.0" encoding="UTF-8"?>
<record
    xmlns:xsi="http://www.w3.org/2001/XMLSchema-instance"
    xsi:schemaLocation="http://www.loc.gov/MARC21/slim http://www.loc.gov/standards/marcxml/schema/MARC21slim.xsd"
    xmlns="http://www.loc.gov/MARC21/slim">

  <leader>01104nam a2200301 a 4500</leader>
  <controlfield tag="003">CO-ViMGA</controlfield>
  <controlfield tag="005">20230915225029.0</controlfield>
  <controlfield tag="008">080529s2005    sp ab  gr     00110 spa d</controlfield>
  <datafield tag="020" ind1=" " ind2=" ">
    <subfield code="a">8434225689</subfield>
  </datafield>
  <datafield tag="040" ind1=" " ind2=" ">
    <subfield code="a">CO-ViMGA</subfield>
    <subfield code="b">spa</subfield>
    <subfield code="c">CO-ViMGA</subfield>
  </datafield>
  <datafield tag="082" ind1="0" ind2="4">
    <subfield code="a">R 560.17 </subfield>
    <subfield code="b">T65a1 </subfield>
    <subfield code="2">20 ed.</subfield>
  </datafield>
  <datafield tag="100" ind1="1" ind2=" ">
    <subfield code="a">Tola, Jos&#xE9;.</subfield>
    <subfield code="9">944</subfield>
  </datafield>
  <datafield tag="245" ind1="1" ind2="0">
    <subfield code="a">Atlas b&#xE1;sico de f&#xF3;siles y minerales </subfield>
    <subfield code="c">textos Jos&#xE9; Tola, Eva Infiesta ; ilustraciones Jaume Farr&#xE9;s, Albert Mart&#xED;nez, Josep Torres ; fotograf&#xED;as Eduardo Banqueri ... [et al.].</subfield>
  </datafield>
  <datafield tag="250" ind1=" " ind2=" ">
    <subfield code="a">3a. ed.</subfield>
  </datafield>
  <datafield tag="260" ind1="3" ind2=" ">
    <subfield code="a">Barcelona : </subfield>
    <subfield code="b">Parram&#xF3;n, </subfield>
    <subfield code="c">2005.</subfield>
  </datafield>
  <datafield tag="300" ind1=" " ind2=" ">
    <subfield code="a">96 p. </subfield>
    <subfield code="b">il., mapas ; </subfield>
    <subfield code="c">28 cm.</subfield>
  </datafield>
  <datafield tag="500" ind1=" " ind2=" ">
    <subfield code="a">Incluye &#xED;ndice.</subfield>
  </datafield>
  <datafield tag="650" ind1="1" ind2="4">
    <subfield code="a">Animales f&#xF3;siles</subfield>
    <subfield code="v"> Atlas.</subfield>
    <subfield code="9">1228</subfield>
  </datafield>
  <datafield tag="650" ind1="1" ind2="4">
    <subfield code="a">Minerales</subfield>
    <subfield code="x"> Clasificaci&#xF3;n</subfield>
    <subfield code="v"> Atlas.</subfield>
    <subfield code="9">1229</subfield>
  </datafield>
  <datafield tag="650" ind1=" " ind2="6">
    <subfield code="a">F&#xF3;siles</subfield>
    <subfield code="v"> Atlas.</subfield>
    <subfield code="9">1226</subfield>
  </datafield>
  <datafield tag="650" ind1=" " ind2="6">
    <subfield code="a">Minerolog&#xED;a</subfield>
    <subfield code="v"> Atlas.</subfield>
    <subfield code="9">1227</subfield>
  </datafield>
  <datafield tag="700" ind1="1" ind2=" ">
    <subfield code="a">Banqueri, Eduardo, </subfield>
    <subfield code="e">fot.</subfield>
    <subfield code="9">1233</subfield>
  </datafield>
  <datafield tag="700" ind1="1" ind2=" ">
    <subfield code="a">Farr&#xE9;s, Jaume, </subfield>
    <subfield code="e">il.</subfield>
    <subfield code="9">1230</subfield>
  </datafield>
  <datafield tag="700" ind1="1" ind2=" ">
    <subfield code="a">Infiesta, Eva.</subfield>
    <subfield code="9">952</subfield>
  </datafield>
  <datafield tag="700" ind1="1" ind2=" ">
    <subfield code="a">Mart&#xED;nez, Albert, </subfield>
    <subfield code="e">il.</subfield>
    <subfield code="9">1232</subfield>
  </datafield>
  <datafield tag="700" ind1="1" ind2=" ">
    <subfield code="a">Torres y Clav&#xE9;, Josep, </subfield>
    <subfield code="d">1906-1938, </subfield>
    <subfield code="e">il.</subfield>
    <subfield code="9">1231</subfield>
  </datafield>
  <datafield tag="942" ind1=" " ind2=" ">
    <subfield code="2">ddc</subfield>
    <subfield code="c">BK</subfield>
  </datafield>
  <datafield tag="999" ind1=" " ind2=" ">
    <subfield code="c">12231</subfield>
    <subfield code="d">12231</subfield>
  </datafield>
  <datafield tag="952" ind1=" " ind2=" ">
    <subfield code="0">0</subfield>
    <subfield code="1">0</subfield>
    <subfield code="2">ddc</subfield>
    <subfield code="4">0</subfield>
    <subfield code="7">1</subfield>
    <subfield code="8">003</subfield>
    <subfield code="a">MEVIECAR</subfield>
    <subfield code="b">MEVIECAR</subfield>
    <subfield code="d">2015-12-04</subfield>
    <subfield code="l">0</subfield>
    <subfield code="o">R 560.17  T65a1</subfield>
    <subfield code="p">29088</subfield>
    <subfield code="r">2015-12-04 00:00:00</subfield>
    <subfield code="w">2015-12-04</subfield>
    <subfield code="y">BK</subfield>
  </datafield>
</record>
